Statistiken für Die Kanarischen Inseln

Klicken Sie hier um das Quiz zu spielen!

Allgemein

  • Dieses Quiz wurde 7.502 mal gespielt
  • Das Durchschnittsergebnis liegt bei 4 aus 7

Antworten auf der Karte

Die Antworten werden auf der Karte rot bzw. grün angezeigt, abhängig davon wie oft sie richtig erraten wurden.
 

Antwortstatistiken

km2Insel% Korrekt
2’034Teneriffa
79%
1’560Gran Canaria
77%
1‘660Fuerteventura
72%
846Lanzarote
58%
708La Palma
45%
370La Gomera
38%
269El Hierro
26%

Verteilung der Resultate

Perzentil nach korrekt beantworteten Fragen

Anzahl Personen mit jedem Resultat

Ihre Resultats-Entwicklung

Sie haben dieses Quiz noch nicht gespielt